000
00328nam a22001457a 4500
008
221007b ||||| |||| 00| 0 eng d
020
_a
0721628095
041
_a
eng
080
_2
0721628095
_a
61
082
_a
61HAB
100
_a
9
101
_a
INF
245
_a
BONE GRAFTS BONE SUBSTITUTES
_c
HABAL&REDDI
942
_2
udc
_c
BK
999
_c
58414
_d
58414